Obálka Náhled e-knihy:
PDF Epub
Pro půjčování e-knih musíte být přihlášeni.
Jak si půjčit online?

Energie lásky našla ke mně cestu /

Počet lidí s rakovinou roste. Roste i počet jiných onemocnění, stejně jako psychických problémů. Můžeme poděkovat všem znečišťovatelům. Chemičtí vojáci jsou skrytí ve vodě, kterou pijeme, v potravinách, které konzumujeme, ve vzduchu, který dýcháme, chemičtí vojáci jsou všude. Pomalu a smutně kráčíme...

Celý popis

Uloženo v:
Série:Energie lásky našla ke mně cestu, část 2
Hlavní autor: Szunyogová, Natália (Autor)
Médium: E-kniha
Jazyk:Czech
Vydáno: Praha : E-knihy jedou, 2020
Příbuzné jednotky:Z cyklu:: Energie lásky našla ke mně cestu
Tagy:
Žádné tagy
LEADER 01732nam a22002417i 4500
001 311133
007 ta
008 260601s2020 xr ||||| |||| 00| 0 cze d
020 |a 9990002035098 
044 |a xr 
100 1 |a  Szunyogová, Natália  |4 aut 
245 1 0 |a Energie lásky našla ke mně cestu /  |c  Szunyogová, Natália 
264 1 |a Praha :  |b E-knihy jedou,  |c 2020 
300 |a 1 online zdroj (78 stran) 
336 |a text  |b txt  |2 rdacontent 
337 |a bez média  |b n  |2 rdamedia 
338 |a online zdroj  |b cr  |2 rdacarrier 
520 2 |a Počet lidí s rakovinou roste. Roste i počet jiných onemocnění, stejně jako psychických problémů. Můžeme poděkovat všem znečišťovatelům. Chemičtí vojáci jsou skrytí ve vodě, kterou pijeme, v potravinách, které konzumujeme, ve vzduchu, který dýcháme, chemičtí vojáci jsou všude. Pomalu a smutně kráčíme v objetí trojúhelníku smrti, protože tušíme, že něco není v pořádku. Mlčky přihlížíme. Je to takové veřejné tajemství. Ráda bych tomu nějakým způsobem zabránila, a právě proto vznikla tato kniha. Je to příběh, který se odehrál v trojúhelníku smrti. Přeji vám příjemné čtení. 
787 0 8 |g 2  |i Z cyklu:  |t Energie lásky našla ke mně cestu 
910 |a RBIT002 
998 |d 203509  |a https://core.palmknihy.cz/api/books/203509/cover?q4vge3  |b https://core.palmknihy.cz/api/books/203509/cover/400?q4vge3  |c https://core.palmknihy.cz/api/books/203509/cover/50?q4vge3  |e   |g 78  |i 9990002035098  |j https://core.palmknihy.cz/api/books/203509/preview.epub  |k https://core.palmknihy.cz/api/books/203509/preview.pdf  |l   |q 49  |r 1  |s https://www.palmknihy.cz/kniha/203509  |t ebook  |y 2020  |z 1  |v Energie lásky našla ke mně cestu  |w 2 
999 |d 311131